Συνέδριο για τις μικρομεσαίες επιχειρήσεις (1983 : Αθήνα) : Χρηματοδότηση. Παραγωγικότητα. Ανταγωνισμός

Αποθηκεύτηκε σε:
Λεπτομέρειες βιβλιογραφικής εγγραφής
Συλλογικό Έργο: Εθνική Επιτροπή για το Ετος 1983 των Μικρομεσαίων Επιχειρήσεων, ΕΟΜΜΕΧ
Μορφή: Πρακτικό Συνεδρίου Βιβλίο
Γλώσσα:Greek
Δημοσίευση: Αθήνα : ΕΟΜΜΕΧ, 1983
Θέματα:
Ετικέτες: Προσθήκη ετικέτας
Δεν υπάρχουν, Καταχωρήστε ετικέτα πρώτοι!

MARC

LEADER 00000nam a2200000 i 4500
001 1/59330
008 950203s1983 gre d
035 |l 10028520 
040 |a GR-MY-UA  |b gre  |e aacr 
041 0 |a gre 
082 0 |a 338.6420949 
111 2 |a Εθνική Επιτροπή για το Ετος 1983 των Μικρομεσαίων Επιχειρήσεων. 
245 1 0 |a Συνέδριο για τις μικρομεσαίες επιχειρήσεις (1983 : Αθήνα) : Χρηματοδότηση. Παραγωγικότητα. Ανταγωνισμός 
260 |a Αθήνα :   |b ΕΟΜΜΕΧ,   |c 1983 
300 |a 222 σ. 
650 0 0 |a Small business  |z Greece. 
710 2 |a ΕΟΜΜΕΧ. 
852 |a INST  |b CHIOS  |e 19950203  |h 338.64209495 ΣΥΝ  |p 005200005445  |q 005200005445  |t BK  |y 0 
909 |a Χ  |b 007453